Nazwij pasującą małpkę z BTD6 - Statystyki

Ogólne statystyki
  • Ten quiz został rozwiązany 22 razy
  • Średni wynik to 11 z 15
Statystyki odpowiedzi
Opis Małpki % Poprawnych
Małpka, która ma paragon. Dart Monkey | Boomerang Monkey | Tack Shooter | Monkey Sub | Monkey Buccaneer | Monkey Ace | Wizard Monkey | Ninja Monkey | Engineer Monkey
100%
Małpka, której nazwa nie zawiera małpka/monkey. Bomb Shooter | Tack Shooter | Glue Gunner | Heli Pilot | Dartling Gunner | Alchemist | Druid | Banana Farm | Spike Factory | Beast Handler
92%
Małpka, która na jakimkolwiek ulepszeniu używa pocisków typu sharp. Dart Monkey | Boomerang Monkey | Tack Shooter | Sniper Monkey | Monkey Sub | Monkey Buccaneer | Monkey Ace | Heli Pilot | Dartling Gunner | Super Monkey | Ninja Monkey | Druid | Spike Factory | Engineer Monkey
92%
Małpka, która generuje pieniądze(nie licząc farmy). Sniper Monkey | Monkey Buccaneer | Heli Pilot | Super Monkey | Alchemist | Druid | Monkey Village | Engineer Monkey
92%
Małpka, która jest w stanie atakować camo pomimo braku dedykowanego ulepszenia na camo. Boomerang Monkey | Bomb Shooter | Glue Gunner | Monkey Sub | Mortar Monkey | Ninja Monkey | Druid | Spike Factory | Monkey Village | Engineer Monkey
77%
Małpka, która atakuje globalnie/ma globalny atak(nie licząc umiejętności). Boomerang Monkey | Sniper Monkey | Monkey Sub | Monkey Buccaneer | Monkey Ace | Heli Pilot | Mortar Monkey | Dartling Gunner | Wizard Monkey | Super Monkey | Ninja Monkey | Alchemist | Druid | Monkey Village
77%
Małpka, której nie było na premierze BTD6. Mortar Monkey | Dartling Gunner | Mermonkey | Engineer Monkey | Beast Handler
77%
Małpka, która ma subtowery. Monkey Buccaneer | Heli Pilot | Super Monkey | Engineer Monkey | Beast Handler
69%
Małpka, która robi 2 damage bez ulepszeń i buffów. Bomb Shooter | Sniper Monkey | Mortar Monkey | Alchemist | Spike Factory
62%
Małpka, która może spowolnić, zatrzymać, cofnąć balona. Dart Monkey | Boomerang Monkey | Bomb Shooter | Ice Monkey | Glue Gunner | Sniper Monkey | Monkey Ace | Heli Pilot | Mortar Monkey | Dartling Gunner | Super Monkey | Ninja Monkey | Druid | Mermonkey | Engineer Monkey | Beast Handler
62%
Małpka, która może buffować tylko inne małpki tego samego rodzaju. Ice Monkey | Sniper Monkey | Mortar Monkey | Wizard Monkey | Druid | Beast Handler
62%
Małpka, której 5 tier kosztuje więcej niż 100k(na poziomie medium). Super Monkey | Banana Farm | Spike Factory | Monkey Village
62%
Małpka, która nakłada debuffy na balony. Ice Monkey | Glue Gunner | Sniper Monkey | Ninja Monkey
54%
Małpka, która ma footprint większy bądź równy 27. Monkey Ace | Heli Pilot | Super Monkey | Banana Farm | Monkey Village
54%
Małpka, która jest w stanie oneshotować moaby. Bomb Shooter | Monkey Sub | Monkey Buccaneer | Monkey Ace | Super Monkey | Alchemist | Engineer Monkey | Beast Handler
46%
Nie znaleziono quizów pasujących do podanych kryteriów
Rozkład punktacji
Procent ludzi z każdym wynikiem
Percentyl według liczby udzielonych odpowiedzi
Twoja historia wyników
Nie rozwiązałeś tego quizu